000 00324nam a2200133Ia 4500
005 20260326100032.0
008 260326s9999||||xx |||||||||||||| ||und||
100 _aFolguera, Francisco
245 0 _aCubiertas colgantes /
_cFrancisco Folguera
260 _bLabor
300 _a170 p.
650 _aCONSTRUCCIÓN
942 _cBK
999 _c6652
_d6652